Quizzes
Events
Quiz Creation
Community
Videos
Private Events
Remove Ads
Sign In
Join for FREE
Feedback
Dark Mode
Quiz Categories
Sports
Geography
Music
Movies
Television
Just For Fun
Miscellaneous
History
Literature
Language
Science
Gaming
Entertainment
Religion
Holiday
For Kids
Quiz Lab
Recent
Popular Today
Quiz Kudos Today
Editor Picks
Curator Picks
Quizzes by...
Day
Popularity
Type
Ratings
Length
Year
Community
Subscriptions
Recent Discussions
Orange Saloon
Badges
Playlists
Quests
Create
Leaderboards
Showdown
Live 5
Trivia Bingo
Activity
Puzzle Library
Sporcle Events
Private Events
Virtual Trivia
Globe League
Become a Host
Pub Owners
SporcleCon
Opinionation
Our Games
Videos
Blog
Mobile Apps
Partnerships
Remove Ads and Go Orange
Feedback
Literature
Harry Potter
A Song of Ice and Fire
The Hunger Games
Literary Character
Shakespeare
Book
Author
Novel
Poem
Young Adult
Children's Books
Play
Lord of the Rings
Literature
Harry Potter
A Song of Ice and Fire
The Hunger Games
Literary Character
Shakespeare
Book
Author
Novel
Poem
Young Adult
Children's Books
Play
Lord of the Rings
Random Quiz
Search Sporcle
×
Quiz Lab
Quiz Lab
Literature
A Song of Ice and Fire
Type in answers that appear in a list
Type in answers that appear in a list
Classic
Best Score? Go Orange.
Who Killed Who in A Song Of Ice And Fire (Spoilers) Stats
Can You Name the Killers Of These 'A Song Of Ice And Fire' Characters? (Spoilers)
By
Trefusis
15m
72 Questions
484 Plays
484 Plays
484 Plays
Comments
Comments
Give Quiz Kudos
Give Quiz Kudos
-
- Ratings
hide this ad
Forced Order
Answers have to be entered in order
Answers have to be entered in order
Wrong Answers
Some wrong answers will appear in red
Some wrong answers will appear in red
Random Order
Randomize order of answers
Randomize order of answers
Replay
Link that replays current quiz
Next Quiz
Link to next quiz in quiz playlist
You Got
0%
They Got
Avg Score
65%
Avg Friend Score
Upgrade to see
Score Distribution
Jump to the score distribution portion of the page
Score
0/72
Timer
15:00
0
Plays Today
Name
Killer
% Correct
Shae
???
91.7%
Viserys Targaryen
???
91.3%
Tywin Lannister
???
90.7%
Lysa Arryn
???
90.7%
Oberyn Martell
???
90.5%
Renly Baratheon
???
90%
Lady
???
89.8%
Eddard Stark
???
89.8%
Elia Martell
???
89.8%
Aerys Targaryen II
???
89.4%
Mirri Maz Duur
???
89.2%
Qhorin Halfhand
???
89.2%
Mycah
???
89%
Rickard Karstark
???
88.2%
Rhaeger Targaryen
???
87.6%
Janos Slynt
???
87.1%
Jory Cassel
???
86.3%
Kevan Lannister
???
86.3%
Robb Stark
???
86.1%
The Tickler
???
84.9%
Rickard Stark
???
84.6%
Grand Maester Pycelle
???
84.6%
Brandon Stark
???
84%
Quenten Martell
???
83.4%
Mandon Moore
???
82.4%
Jon Arryn
???
82%
Maester Cressen
???
81.5%
Polliver
???
79.5%
Vardis Egen
???
79.3%
Arys Oakheart
???
78.2%
Kraznys Mo Nakloz
???
77.6%
Weese
???
76.8%
Rorge
???
76.2%
Maester Luwin
???
75.9%
Alester Florent
???
75.3%
Aegon Frey
???
74.7%
Name
Killer
% Correct
Torrhen Karstark
???
74.5%
Eddard Karstark
???
74.5%
Willem Lannister
???
72.6%
Mag The Mighty
???
72.4%
Chiswyck
???
71.8%
Donal Noye
???
71.6%
Ashara Dayne
???
71.6%
Biter
???
67.8%
Vargo Hoat
???
67.2%
Cortnay Penrose
???
63.5%
Qotho
???
61%
Amory Lorch
???
60.6%
Yoren
???
60.2%
Lommy Greenhands
???
58.5%
Oznak Zo Pahl
???
54.8%
Prendahl Na Ghezn
???
50.2%
Craster
???
50%
Symon Silver Tongue
???
48.3%
The Smiling Knight
???
46.3%
Catelyn Stark
???
45.6%
Maelys Blackfyre
???
45.2%
Jeor Mormont
???
39.2%
Alfyn Crowkiller
???
37.2%
Daemon Blackfyre
???
36.9%
Balman Byrch
???
36.3%
Rodrik Cassel
???
32.2%
Dacey Mormont
???
29.7%
Baelor 'Breakspear' Targaryen
???
29.3%
Dirk
???
28%
Sallor The Bald
???
23.7%
Deaf Dick Follard
???
22.8%
Mikken
???
21.8%
Bryan Fossoway
???
20.3%
Edwyd Fossoway
???
20.3%
All-
For-
Joffrey
???
19.3%
Iggo
???
15.8%
Quiz Playlist
Details
Report
Send in Message
Add To Playlist
Classic:
Type in answers that appear in a list
Forced Order:
Answers have to be entered in order
Wrong Answers:
Some wrong answers will appear in red
Random Order:
Randomize order of answers
Last Updated: Feb 16, 2017
Quiz Scoreboard
CHALLENGE
Sign Up to Join the Scoreboard
Show All
Scores
Hide
Comments
May contain spoilers
Recently Published
Presidents Visiting Landmarks
by Hejman
History
7m
An Introduction to Baseball
by treessimontrees
Sports
5m
Movies - When Are They Set?
by FPL_Elf
Movies
5m
More to Explore
Quiz From the Vault
Featured Blog Post
Where Did the Easter Bunny Come From?
hide this ad
You Might Also Like...
Tags
A Song of Ice and Fire Quiz
asoiaf
Character
death
Game of Thrones
kill
Killer
Today's Top Quizzes in Literature
Browse Literature
hide this ad
Today's Top Quizzes in A Song of Ice and Fire
Browse A Song of Ice and Fire
Top Contributed Quizzes in Literature
1
Sneaky Slytherin Logic Puzzle
2
Get The Picture: Black or White Literature
3
5-to-1: Plays
4
A Court of Thorns and Roses (ACoTaR) Logic Puzzle
5
One Thing in Common: Literature
6
One Thing in Common: Books
7
One Thing in Common: Literature 3
8
One Thing in Common: Literature II
9
Harry Potter Neighbourly Logic Puzzle #5
10
Harry Potter Neighbourly Logic Puzzle #6
Explore More
Trending Topics
Crossword
Disney
Anime
Marvel
NBA
Kpop
Harry Potter
Pokémon
Song
Soccer
The Office
WWE
NFL
Country
Puzzle
hide this ad
More By:
Trefusis
Quiz
Plays
Rating
Category
Featured
Created
Bastards In A Song Of Ice And Fire
4,071
4.45
Entertainment
Jun 24, 2014
Who Killed Who in A Song Of Ice And Fire (Spoilers)
484
2.33
Literature
Apr 15, 2014
Follow That Line: Max Payne
258
5.00
Gaming
Jul 18, 2014
Sopot's Speech in Red Faction 2
141
Gaming
Jul 1, 2014
Go to Creator's Profile
Score Distribution
Quiz Creator Spotlight
Trefusis
Follow
Send a Message
Quizzes Created
-
Created Quiz Play Count
-
More By This Creator
Popular Quizzes Today
1
Find the US States - No Outlines Minefield
2
Find the Countries of Europe - No Outlines Minefield
3
The Countries of the World
4
Find the US States
5
Popular People in 1961
6
US States
7
Risky Map Clicking: Biggest States A-Z
8
Movies - When Are They Set?
More Literature Quizzes
Harry Potter Wizarding Families
Published
Trending Quizzes
Risky Map Clicking: Least Populous States A-Z
1-10 Letter G Words
1-10 Letter F Words
Risky Map Clicking: Next State Alphabetically
Risky Map Clicking: Biggest States A-Z
Recently Updated
Leaping Animals
pecheneg
Reality TV Shows (A-Z)
bhenderson79
Rickey Henderson's Hall of Fame Teammates
pecheneg
Champions League XIs: Arsenal
pecheneg
Quick Pick: Celebrities in WWE's Hall of Fame
aduchscher
A-Z Keypad Blitz II
pecheneg
Multiple Oscar Actors
pecheneg
Mystery Phrase Blitz: Oscar 'Best Actors'
pecheneg
F. Scott Fitzgerald Novels
LTH
Pick 3 Villains
ddd62291
Trending Topics
Crossword
NBA
Anime
Disney
Kpop
Marvel
Harry Potter
The Office
NFL
Pokémon
WWE
Country
Puzzle
Song
Soccer
Your Account Isn't Verified!
In order to create a playlist on Sporcle, you need to verify the email address you used during registration. Go to your
Sporcle Settings
to finish the process.
Report this User
Report this user for behavior that violates our
Community Guidelines
.
Details:
Send Report
Go to the Sporcle.com Mobile Site →
Comments